[Event "Mittelfrank Regionalliga Nord-West 2122"]
[Site "Mittelfranken"]
[Date "2021.10.24"]
[Round "1.8"]
[White "Hasenstab, Matthias"]
[Black "Chen, Jiuli"]
[Result "0-1"]
[WhiteElo "1909"]
[BlackElo "1829"]
[PlyCount "130"]
[EventDate "2021.10.24"]
[EventType "team-tourn"]
[EventRounds "9"]
[EventCountry "GER"]
[SourceTitle "EXT 2024"]
[Source "ChessBase"]
[SourceDate "2023.10.10"]
[SourceVersion "1"]
[SourceVersionDate "2023.10.10"]
[SourceQuality "1"]
[WhiteTeam "Aschaffenburg"]
[BlackTeam "Wuerzburg II"]
[WhiteTeamCountry "GER"]
[BlackTeamCountry "GER"]

1. f4 c6 2. Nf3 d5 3. e3 Nf6 4. b3 Bg4 5. Be2 e6 6. 0-0 Bxf3 7. Bxf3 Be7 8. Bb2 0-0 9. Re1 Ne4 10. d3 Bf6 11. Qc1 Bxb2 12. Qxb2 Nf6 13. Nd2 Qb6 14. c4 Nbd7 15. d4 c5 16. Rad1 Rac8 17. e4 cxd4 18. e5 Ne8 19. cxd5 exd5 20. Bxd5 d3+ 21. Kh1 Rc2 22. Qa3 Nc7 23. Nc4 Qd4 24. Bxb7 Nb5 25. Qa5 Nc3 26. Rd2 Ne2 27. g3 Nc5 28. Qxa7 Qf2 29. Red1 Ne4 30. Qxf2 Nxf2+ 31. Kg2 Nxd1 32. Rxd1 Nc3+ 33. Rd2 Nb1 34. Rf2 d2 35. Bf3 Rxa2 36. f5 Rd8 37. Ne3 Nc3 38. e6 Kf8 39. exf7 Rd3 40. f6 gxf6 41. Nd1 Nxd1 42. Bxd1 Ra1 43. Rf1 Rc3 44. Kf2 Ra2 45. Ke2 Kxf7 46. Rf4 Rc5 47. Kd3 Ra1 48. Rf1 Rd5+ 49. Kc4 Rda5 50. b4 Rc1+ 51. Kd3 Rd5+ 52. Ke2 Ke6 53. Rf4 f5 54. Rf3 Rb1 55. Rf4 Re5+ 56. Kxd2 Rd5+ 57. Kc3 Rbxd1 58. Rh4 Rc1+ 59. Kb2 Rc7 60. Kb3 Kf6 61. Ka4 Re5 62. Rh6+ Kg5 63. Ra6 Rb7 64. Kb3 Re3+ 65. Kc4 Re4+ 0-1

[Event "Unterfranken-ch HT 54th"]
[Site "Moembris"]
[Date "2003.04.26"]
[Round "9"]
[White "Hasenstab, Matthias"]
[Black "Heerlein, Gerd"]
[Result "0-1"]
[WhiteElo "1294"]
[BlackElo "1685"]
[PlyCount "110"]
[EventDate "2003.04.21"]
[EventType "swiss"]
[EventRounds "9"]
[EventCountry "GER"]
[SourceTitle "EXT 2015"]
[Source "ChessBase"]
[SourceDate "2014.11.20"]
[SourceVersion "1"]
[SourceVersionDate "2014.11.20"]
[SourceQuality "1"]

1. e4 d6 2. d4 Nf6 3. Nc3 g6 4. Bg5 c6 5. Qd2 Bg7 6. Bh6 Bxh6 7. Qxh6 Qa5 8. 0-0-0 b5 9. e5 b4 10. exf6 bxc3 11. Kb1 Be6 12. bxc3 Nd7 13. c4 Nxf6 14. f3 Rb8+ 15. Kc1 Qxa2 16. Qe3 Bxc4 17. Bxc4 Qxc4 18. Qd3 Qa2 19. Ne2 Nd5 20. Nc3 Nxc3 21. Qxc3 0-0 22. Kd2 Qd5 23. Rhe1 Rb7 24. Rb1 Rfb8 25. Rxb7 Rxb7 26. Ra1 e5 27. Ke3 exd4+ 28. Qxd4 Qxd4+ 29. Kxd4 Kf8 30. Ra6 Rc7 31. c4 Ke7 32. f4 h5 33. g3 Kd7 34. h3 f5 35. c5 d5 36. Ke5 Ke7 37. h4 Rd7 38. Rxc6 d4 39. Re6+ Kd8 40. c6 Re7 41. c7+ Rxc7 42. Kxd4 Rg7 43. Kd5 Rd7+ 44. Ke5 Re7 45. Kf6 Rxe6+ 46. Kxe6 a5 47. Kf6 a4 48. Kxg6 a3 49. Kxf5 a2 50. Kg5 a1Q 51. Kxh5 Qf6 52. g4 Qxf4 53. g5 Ke7 54. g6 Kf6 55. g7 Qf5+ 0-1